OFDM-based broadband wireless networks: design and optimization (Record no. 9516)

000 -LEADER
fixed length control field 00652 a2200193 4500
020 ## - INTERNATIONAL STANDARD BOOK NUMBER
International Standard Book Number 0-471-72346-0 (ISBN-10 : inb.)
020 ## - INTERNATIONAL STANDARD BOOK NUMBER
International Standard Book Number 13-978-0-471-72346-2 (ISBN-13 : inb.)
040 ## - CATALOGING SOURCE
Original cataloging agency DLC
Language of cataloging DLC
100 1# - MAIN ENTRY--PERSONAL NAME
Personal name Liu, Hui
245 10 - TITLE STATEMENT
Title OFDM-based broadband wireless networks: design and optimization
Remainder of title design and optimization
Statement of responsibility, etc. Hui Liu and Guoqing Li
260 ## - PUBLICATION, DISTRIBUTION, ETC.
Place of publication, distribution, etc. Hoboken, N.J.:
Name of publisher, distributor, etc. Wiley,
Date of publication, distribution, etc. cop. 2005
300 ## - PHYSICAL DESCRIPTION
Extent 251 s.:
Other physical details ill.
650 #4 - SUBJECT ADDED ENTRY--TOPICAL TERM
Topical term or geographic name entry element Tr夬?ommunikation
650 #4 - SUBJECT ADDED ENTRY--TOPICAL TERM
Topical term or geographic name entry element Bredbandskommunikation
650 #4 - SUBJECT ADDED ENTRY--TOPICAL TERM
Topical term or geographic name entry element Wireless communication systems
650 #4 - SUBJECT ADDED ENTRY--TOPICAL TERM
Topical term or geographic name entry element Broadband communication systems
700 1# - ADDED ENTRY--PERSONAL NAME
Personal name Li, Guoqing
942 ## - ADDED ENTRY ELEMENTS (KOHA)
Koha item type Book
Call number prefix 621.38216 LIU
Source of classification or shelving scheme
Holdings
Withdrawn status Lost status Damaged status Not for loan Collection code Permanent Location Current Location Shelving location Date acquired Source of acquisition Cost, normal purchase price Total Checkouts Full call number Barcode Date last seen Price effective from Koha item type
          Central Library (CL) Central Library (CL) General Stacks 03/21/2006 A&J DEF Tek Consultant 4636.26   621.38216 LIU SEECS007144 11/14/2012 01/05/2017 Book
© 2023 Central Library, National University of Sciences and Technology. All Rights Reserved.